Statistics for Biggest Trading Partners - Nigeria

Click here to take the quiz!

General Stats

  • This quiz has been taken 235 times
  • The average score is 17 of 20

Answer Stats

ImportsAnswer% Correct
6.98 bilChina
99%
4.01 bilUnited States of America
98%
2.85 bilUnited States of America
98%
1.18 bilUnited Kingdom
96%
1.50 bilUnited Kingdom
96%
1.07 bilGermany
94%
1.80 bilSouth Africa
94%
1.39 bilFrance
92%
2.03 bilFrance
92%
5.97 bilIndia
90%
1.82 bilIndia
90%
3.08 bilSpain
86%
989 milCanada
85%
972 milBrazil
82%
877 milBrazil
82%
4.12 bilNetherlands
74%
2.46 bilNetherlands
74%
4.04 bilBelgium
71%
1.24 bilIndonesia
66%
667 milUnited Arab Emirates
59%

Score Distribution

Percentile by Number Answered

Percent of People with Each Score

Your Score History

You have not taken this quiz